Catálogo
 En Linea

Realidad o ficción : (Registro nro. 1774)

Detalles MARC
000 -CABECERA
campo de control de longitud fija 00872cam a2200229 a 4500
001 - NÚMERO DE CONTROL
campo de control 000001903
005 - FECHA Y HORA DE LA ÚLTIMA TRANSACCIÓN
campo de control 20200929145742.0
008 - DATOS DE LONGITUD FIJA--INFORMACIÓN GENERAL
campo de control de longitud fija 760609s1979 mx b 001 f spa
040 ## - FUENTE DE LA CATALOGACIÓN
Centro catalogador/agencia de origen DO-SdBNP
Lengua de catalogación spa
Centro/agencia transcriptor BNPHU
082 ## - NÚMERO DE LA CLASIFICACIÓN DECIMAL DEWEY
Número de clasificación 813.54
Número de documento/Ítem H745r
100 1# - ENTRADA PRINCIPAL--NOMBRE DE PERSONA
Nombre de persona Hollowell, John,
Fechas asociadas al nombre 1945-
9 (RLIN) 6201
240 #0 - TÍTULO UNIFORME
Título uniforme Fact & fiction: the new journalism and the fition novel
Lenguaje de la obra Español
245 10 - MENCIÓN DE TÍTULO
Título Realidad o ficción :
Resto del título el nuevo periodismo y la novela de no ficción /
Mención de responsabilidad, etc. John Hollowell ; traducción Ma. Elísa Moreno.
260 ## - PUBLICACIÓN, DISTRIBUCIÓN, ETC.
Lugar de publicación, distribución, etc. México :
Nombre del editor, distribuidor, etc. Noema,
Fecha de publicación, distribución, etc. 1979.
300 ## - DESCRIPCIÓN FÍSICA
Extensión 239 p. ;
Dimensiones 22 cm.
500 ## - NOTA GENERAL
Nota general Título original en inglés.
590 ## - NOTA LOCAL (RLIN)
Nota local Perteneció a la biblioteca personal de Juan Isidro Jimenes Grullón.
650 #4 - PUNTO DE ACCESO ADICIONAL DE MATERIA--TÉRMINO DE MATERIA
Término de materia o nombre geográfico como elemento de entrada Novela estadounidense
9 (RLIN) 262
650 #4 - PUNTO DE ACCESO ADICIONAL DE MATERIA--TÉRMINO DE MATERIA
Término de materia o nombre geográfico como elemento de entrada Literatura estadounidense
9 (RLIN) 263
700 1# - PUNTO DE ACCESO ADICIONAL--NOMBRE DE PERSONA
Nombre de persona Moreno, Ma. Elisa
Término indicativo de función/relación tr.
9 (RLIN) 6202
910 ## - DATOS DE OPCIÓN DEL USUARIO (OCLC)
Datos de opción del usuario control de calidad Mfileto
Existencias
Estado de retiro Estado de pérdida Restricciones de uso No para préstamo Código de colección Localización permanente Ubicación/localización actual Ubicación en estantería Fecha de adquisición Número de inventario Total de préstamos Signatura topográfica completa Código de barras Fecha visto por última vez Precio válido a partir de Tipo de ítem Koha
    Préstamo interno   Monografías: Libros y Folletos General General En catalogación 22.09.2009 LF1   813.54 H745r 1903-10 25.06.2020 25.06.2020 Préstamo interno

Con tecnología Koha